| 000 | 00435nam a2200157Ia 4500 | ||
|---|---|---|---|
| 008 | 151213s9999 xx 000 0 und d | ||
| 100 | _aAlan M.Rugman & Lorraine Eden | ||
| 245 |
_aMultinational &Transfer Pricing _cAlan M.Rugman & Lorraine Eden |
||
| 250 | _a1st | ||
| 260 |
_aU.S.A _bSt.Martin's _c1985 |
||
| 300 | _a2826 p. | ||
| 650 | _aFinance | ||
| 650 | _aFinance | ||
| 700 | _aAlan M.Rugman & Lorraine Eden | ||
| 999 |
_c1936 _d1936 |
||